000 01074nam0a2200337 4500
001 RU\NLR\bibl\1251301
005 20250615123958.0
010 _a3027-0041-15
_9300
021 _aRU
_b2008-39139
_92157
035 _a(NLR Aleph) 001237386
090 _a236909
_c236909
100 _a20080710d2007 |||y0rusy50 ca
101 0 _arus
102 _aRU
105 _ay |||||||||
200 1 _aПо краю откровений
_eкнига стихов
_fСергей Савик
210 _aОрехово-Зуево
_c[б. и.]
_d2007
215 _a135, [4] с.
_d19
300 _aНа обл. подзаг.: стихи
320 _aСодерж.: циклы: Шагнувший в осень; Миражи любви; Недетские сказочки
686 _aШ6(2=Р)75-5
700 1 _aСавик
_bС.
_f1960-
_gСергей
_4070
801 0 _aRU
_bNLR
_c20080710
_gRCR
801 1 _aRU
_bNLR
_c20080710
830 _aавт. по ЭК
942 _cBOOK
980 _aNB
980 _aNBR